Wrong : nine economic policy disasters and what we can learn from them (Record no. 443706)

000 -LEADER
fixed length control field 00470cam a22001457a 4500
008 - FIXED-LENGTH DATA ELEMENTS--GENERAL INFORMATION
fixed length control field 180718b2013 xxu||||| |||| 00| 0 eng d
020 ## - INTERNATIONAL STANDARD BOOK NUMBER
International Standard Book Number 9780199322190
082 ## - DEWEY DECIMAL CLASSIFICATION NUMBER
Classification number T446 G914
100 ## - MAIN ENTRY--PERSONAL NAME
Personal name Grossman, Richard S.
245 ## - TITLE STATEMENT
Title Wrong : nine economic policy disasters and what we can learn from them
Statement of responsibility, etc. by Richard S. Grossman
260 ## - PUBLICATION, DISTRIBUTION, ETC.
Place of publication, distribution, etc. New Delhi
Name of publisher, distributor, etc. Oxford
Date of publication, distribution, etc. 2013
300 ## - PHYSICAL DESCRIPTION
Extent 266p.
650 ## - SUBJECT ADDED ENTRY--TOPICAL TERM
Topical term or geographic name entry element Economic policy --Case studies
650 ## - SUBJECT ADDED ENTRY--TOPICAL TERM
Topical term or geographic name entry element Financial crises --Case studies
Holdings
Withdrawn status Lost status Damaged status Not for loan Permanent Location Current Location Date acquired Full call number Barcode Date last seen Price effective from Koha item type
        Indian Institute of Public Administration Indian Institute of Public Administration 2014-03-03 T446 G914 85545 2018-07-21 2018-07-21 Book

Powered by Koha